Hóa học đại cương 3. Thực hành trong phòng thí nghiệm
Thiết kế khoảng 15 bài thí nghiệm, bao gồm một số vấn đề cơ bản nhất của chương trình Hóa học đại cương
Kaydedildi:
| Yazar: | |
|---|---|
| Materyal Türü: | Kitap |
| Dil: | Vietnamese |
| Baskı/Yayın Bilgisi: |
H.
Đại học sư phạm
2003
|
| Konular: | |
| Etiketler: |
Etiketle
Etiket eklenmemiş, İlk siz ekleyin!
|
| Thư viện lưu trữ: | Mạng thư viện Đại học Đà Nẵng |
|---|
| LEADER | 01281nam a2200361 4500 | ||
|---|---|---|---|
| 001 | 000013332 | ||
| 003 | 9672 | ||
| 005 | 20120313150319.0 | ||
| 008 | 120313s2003 viesd | ||
| 020 | |c 0đ | ||
| 041 | 0 | |a vie | |
| 082 | |a 540.071 |b HA-L | ||
| 100 | 0 | |a Hà Thị Ngọc Loan |e Tác giả | |
| 245 | 0 | |a Hóa học đại cương 3. Thực hành trong phòng thí nghiệm |c Hà Thị Ngọc Loan | |
| 260 | |a H. |b Đại học sư phạm |c 2003 | ||
| 300 | |a 231tr |c 24cm | ||
| 504 | |a Mục lục tr3 | ||
| 520 | |a Thiết kế khoảng 15 bài thí nghiệm, bao gồm một số vấn đề cơ bản nhất của chương trình Hóa học đại cương | ||
| 653 | |a Hóa học | ||
| 653 | |a Đại cương | ||
| 653 | |a Thực hành | ||
| 653 | |a Thí nghiệm | ||
| 910 | |a Nguyễn Thị Lê Na | ||
| OWN | |a LSP | ||
| AVA | |a UDN50 |b LSP |d 540.071 HA-L |e available |t Error 5001 Not defined in file expand_doc_bib_avail. |f 6 |g 0 |h N |i 0 |k 1 | ||
| 999 | |a From the UDN01 | ||
| AVA | |a UDN50 |b LSP |d 540.071 HA-L |e available |t Error 5001 Not defined in file expand_doc_bib_avail. |f 6 |g 0 |h N |i 0 |k 1 | ||
| TYP | |a Monograph | ||
| TYP | |a Printed language | ||
| 980 | |a Mạng thư viện Đại học Đà Nẵng | ||